| 000 | 01268nam a22003617a 4500 | ||
|---|---|---|---|
| 003 | CHAP | ||
| 005 | 20220329133743.0 | ||
| 008 | 971013s1985 r 00010 d | ||
| 010 | _a10382 | ||
| 011 | _a11354 | ||
| 035 | _a10592 | ||
| 040 | _cCHAP | ||
| 090 | _aFolleto 14193 | ||
| 100 | 0 | 0 |
_aAlvarado, Javier. _94849 |
| 245 | _aEcología y conservación de las tortugas marinas de Michoacán, México | ||
| 260 |
_aMorelia, Mich. : _bUniversidad Michoacana de San Nicolás de Hidalgo, _c1985-19 |
||
| 300 |
_av. _b: ilus. ; gráfs |
||
| 490 |
_aCuadernos de investigación _v; 4 |
||
| 500 | _aLa biblioteca tiene: v.1. -- v.2 | ||
| 590 |
_aBATCH-UPD _b10 _c20130110 _lUCH01 _h1716 |
||
| 590 |
_aBATCH-UPD _b10 _c20130410 _lUCH01 _h1101 |
||
| 590 |
_aBATCH-UPD _b10 _c20130914 _lUCH01 _h1108 |
||
| 590 |
_aCONVERSION _b10 _c20130109 _lUCH01 _h1307 |
||
| 650 | 1 | 4 |
_aEcología marina. _935183 |
| 650 | 1 | 4 |
_aTortuga de mar. _9114334 |
| 700 | 0 |
_aFigueroa, Alfredo. _940852 |
|
| 700 | 0 |
_aGallardo, Humberto. _944374 |
|
| 830 | 0 |
_aCuadernos de investigación _v; 4 _929789 |
|
| 901 | _aBK | ||
| 942 | _cFOLL | ||
| 949 |
_aFolleto 14193 _bBC _cFOLL _d-22278 _eTS1 _fv.1 _gI. c/e _i10592 _si _t8.00 |
||
| 949 |
_aFolleto 14193 _bBC _cFOLL _d-22279 _eTS1 _fv.2 _gI. c/e _i10592 _si _t6.00 |
||
| 999 |
_c10382 _d10382 |
||